Évangile selon Saint Matthieu (Registro nro. 308896)
[ vista simple ]
| 000 -ENCABEZADO | |
|---|---|
| Número de control [NR] | 02069nam a2200301 4500 |
| 005 - FECHA Y HORA DE LA ÚLTIMA TRANSACCIÓN | |
| control field | 20171212104659.0 |
| 008 - DE LONGITUD FIJA DE DATOS DE ELEMENTOS - INFORMACIÓN GENERAL | |
| Elementos de longitud fija [NR] | 171212s1927 fr |||fr|||| 001 0 mul d |
| 040 ## - FUENTE DE CATALOGACION [NR] | |
| Agencia de catalogación original [NR] | CO-BoUCM |
| Idioma de catalogación [NR] | spa |
| Quien Cataloga | Sandra Yazo |
| Quien Clasifica | Sandra Yazo |
| 041 0# - CODIGO DE IDIOMA [R] | |
| Código de idioma para texto/pista de sonido o título separado [R] | Francés |
| -- | Griego |
| -- | Latín |
| 082 04 - NUMERO DE CLASIFICACION DECIMAL DEWEY [R] | |
| Número de la edición [NR] | 20 |
| Número de clasificación [R] | 226.2 |
| 092 ## - SIGNATURA TOPOGRAFICA LOCAL | |
| Número de clasificación local | E44N091 |
| 100 1# - ASIENTO PRINCIPAL--NOMBRE PERSONAL [NR] | |
| Nombre personal [NR] | Lagrange, Marie-Joseph |
| Fechas asociadas con el nombre [NR] | 1855-1938 |
| ID Autoridad | 90282 |
| 242 03 - TRADUCCION DEL TITULO POR LA AGENCIA CATALOGADORA [R] | |
| Título [NR] | El Evangelio según San Mateo |
| Mención de responsabilidad, etc. [NR] | por el P. Marie Joseph Lagrange, de la Orden de Predicadores |
| Código de idioma del título traducido [NR] | spa |
| 245 10 - MENCION DE TITULO [NR] | |
| Título [NR] | Évangile selon Saint Matthieu |
| Mención de responsabilidad, etc. [NR] | par le P. M – J Lagrange des Frères Précheurs |
| 250 ## - MENCION DE EDICION [NR] | |
| Mención de edición [NR] | Troisième édition [Tercera edición] |
| 260 ## - PUBLICACION, DISTRIBUCION, ETC. (PIE DE IMPRENTA) [R] | |
| Lugar de publicación, distribución, etc. [R] | París (Francia) |
| Nombre del editor, distribuidor, etc. [R] | Librairie Victor Lecoffre [Librería de Víctor Lecoffre] ; Typographie Firmin-Didot et Cie. [Tipografía de Firmin-Didot y Compañía] |
| Fecha de publicación, distribución, etc. [R] | 1927 |
| 300 ## - DESCRIPCION FISICA [R] | |
| Extensión [R] | clxxxviii, 569 páginas |
| Dimensiones [R] | 24 x 16 cm |
| 490 ## - MENCION DE SERIE [R] | |
| Mención de serie [R] | Etudes Bibliques [Estudios bíblicos] |
| 500 ## - NOTA GENERAL [R] | |
| Nota general [NR] | Detalles físicos: Encuadernación rígida en cartón duro forrado en tela texturizada. Lomo con adornos en dorado. Guardas decorado. Anteportada. Permiso eclesiástico de impresión. Portada impresa en una sola tinta. Texto impreso en una sola columna: enfrenta el texto griego con la correspondiente traducción francesa. Las explicaciones y comentarios se encuentran en las notas de pie de página. Tapas con dobleces, algunas raspaduras y papel manchado |
| 505 0# - NOTA DE CONTENIDO CON FORMATO PREESTABLECIDO [R] | |
| Nota de contenido con formato preestablecido [NR] | Evangelio de San Mateo: Introducción: La tradición ; Los textos ; Plan y espíritu del primer evangelio ; Crítica literaria: Mateo y Marcos ; Lenguaje del evangelio de Mateo ; Estilo ; Léxico ; Citas del Antiguo Testamento ; Unidad orgánica ; Testimonio del primer evangelio ; Texto griego-francés ; Comentarios al Evangelio de San Mateo: Capítulo 1-28 |
| 506 ## - NOTA DE RESTRICCIONES DE ACCESO [R] | |
| Condiciones de acceso [NR] | Consulta en sala |
| 546 ## - NOTA DE IDIOMA [R] | |
| Nota de idioma [NR] | Texto en francés, hebrego, griego y latín |
| 630 13 - ASIENTO SECUNDARIO DE MATERIA - TITULO UNIFORME [R] | |
| Título uniforme [NR] | Biblia -- A.N. -- Evangelio de San Mateo |
| 9 (RLIN) | 90283 |
| 650 #7 - ASIENTO SECUNDARIO DE MATERIA - TERMINO TEMATICO [R] | |
| 9 (RLIN) | 16781 |
| Término temático o nombre geográfico como elemento de entrada [NR] | Hermenéutica bíblica |
| 650 #7 - ASIENTO SECUNDARIO DE MATERIA - TERMINO TEMATICO [R] | |
| 9 (RLIN) | 15347 |
| Término temático o nombre geográfico como elemento de entrada [NR] | Evangelios |
| Subdivisión general [R] | Comentarios |
| 690 ## - ASUNTO AGREGADO LOCAL DE ENTRADA - TÉRMINO TEMÁTICO (OCLC, RLIN) | |
| Acceso temático local | Teología |
| 9 (RLIN) | 25230 |
| 942 ## - ELEMENTOS DE ENTRADA AGREGADOS (KOHA) | |
| Sistema de clasificación | LOCAL |
| Tipo de ítem principal el descrito en 300a | Libro |
| Edición | 1 |
| Clasificación | E44N091 |
| Suprimido | Perdido | Sistema de clasificación | Dañado | No prestable | Tipo de ítem específico | Ubicación habitual | Ubicación actual | Localización | Fecha de creación | Forma de adquisición | Total préstamos | Signatura topográfica | Código de barras | Última vez visto | Ejemplar | Price effective from | Tipo de ítem |
|---|---|---|---|---|---|---|---|---|---|---|---|---|---|---|---|---|---|
| LOCAL | Libro archivo | Archivo Histórico | Archivo Histórico | Archivo histórico | 12/12/2017 | Donación | E44N091 | L006423 | 12/12/2017 | Ej.1 | 12/12/2017 | Libro |